[Event "SVK-chT3A2 1011"]
[Site "Slovakia"]
[Date "2011.01.16"]
[Round "6.4"]
[White "Bahna, Jan"]
[Black "Mihalik, Anton"]
[Result "1-0"]
[WhiteElo "1975"]
[BlackElo "1919"]
[PlyCount "73"]
[EventDate "2010.10.17"]
[EventType "team-tourn"]
[EventRounds "11"]
[EventCountry "SVK"]
[SourceTitle "EXT 2012"]
[Source "ChessBase"]
[SourceDate "2011.11.24"]
[SourceVersion "1"]
[SourceVersionDate "2011.11.24"]
[SourceQuality "1"]
[WhiteTeam "Trnava Lokomotiva III"]
[BlackTeam "Piestany Kupele II"]
[WhiteTeamCountry "SVK"]
[BlackTeamCountry "SVK"]

1. e4 c5 2. Nc3 Nc6 3. g3 g6 4. Bg2 Bg7 5. d3 e6 6. Be3 Nd4 7. Qd2 Ne7 8. Nd1 d6 9. c3 Ndc6 10. Bh6 0-0 11. Bxg7 Kxg7 12. Ne3 Rb8 13. h4 b5 14. h5 f5 15. hxg6 hxg6 16. Nf3 Kf7 17. Ng5+ Ke8 18. exf5 exf5 19. Kf1 Kd7 20. Rh7 Kc7 21. Re1 Kb6 22. Bd5 Nxd5 23. Nxd5+ Ka6 24. Nc7+ Kb6 25. Nce6 Qf6 26. Nxf8 Qxf8 27. Qe3 Rb7 28. Qe8 Qxe8 29. Rxe8 Rxh7 30. Nxh7 Bd7 31. Rg8 Ne5 32. d4 cxd4 33. cxd4 Nc6 34. Rxg6 Kc7 35. Rg7 Kd8 36. Nf6 Be6 37. d5 1-0